L'educazione sessuale del bambino /

Salvato in:
Dettagli Bibliografici
Autore principale: Berge, André (Autore)
Natura: Libro
Lingua:italiano
Pubblicazione: Milano : Edizioni di Comunita, 1971
Edizione:3. ed
Serie:Cultura e realtà ; 40
Tags: Aggiungi Tag
Nessun Tag, puoi essere il primo ad aggiungerne!!

MARC

LEADER 00000nam a22000007i 4500
001 IT\ICCU\RLZ\0313736
003 ItRI
005 20250704223046.0
008 920528s1971 it |||||| ||||| |||||c
040 |b ita  |c ct 
041 7 |a ita  |2 ISO-639-2 
100 1 |a Berge, André  |0 IT\ICCU\VEAV\010978  |4 aut 
245 1 2 |a L'educazione sessuale del bambino /  |c André Berge ; /traduzione di Piero Angarano!. 
250 |a 3. ed 
260 |a Milano :  |b Edizioni di Comunita,  |c 1971 
300 |a 162 p. ;  |c 18 cm 
500 |a Tit. orig.: L'iducation sexuelle chez l'enfant 
500 |a In copertina: Una guida scrupolosa ed equilibrata, scritta in modo semplice e piano, per tutti gli educatori. Un punto di riferimento per molti genitori incerti o imbarazzati, una risposta sensata e umana a problemi da affrontare con comprensione e intelligenza. 
830 0 |a Cultura e realtà ;  |v 40  |0 IT\ICCU\CFI\0026684 
942 |2 ddc  |c BK 
952 |0 0  |1 0  |2 ddc  |4 0  |6 B_SED07BERANEDU11  |7 1  |9 4511  |a MI  |b MI  |d 2005-04-18  |i 148  |l 0  |o B-SED07-BERAN-EDU11  |p CDOM148  |r 2025-07-04 21:34:28  |w 2025-07-04  |x ACQUISTO  |y BK 
981 1 |6 z01  |a i   |b xxxe  
982 1 |6 z01  |a n 
999 |c 3646  |d 3646